01537nab a2200433 a 450000100060000000300080000600500170001400600190003100700150005000800410006502200140010603500210012004000260014105000220016708000080018908200180019710000220021522200660023724501250030326000430042830000130047131000180048436200210050253301640052365000290068765000280071665000270074465000260077165000250079765000270082265300140084965300220086365500320088570000220091771000190093974000670095885600610102599900170108696582FlNmELB20241217172610.0m o d | cr cn|||||||||201103r2002 uy |||||s|||||||||||spa d a0254-2439 a(OCoLC)955425015 aFlNmELBbspacFlNmELB 4aLC1041bI682 2002 a37704a370.113052221 aIrigoin, María. 0aBoletín técnico interamericano de formación profesional10aCertificación de competencias. Del concepto a los sistemash[recurso electronico] /cMaría Irigoin, Fernando Vargas. a[Montevideo] :bCINTERFOR/OIT,c[2002] a75-88 p. aCuatrimestral0 aNum. 152 (2002)- aRecurso electrónico. Santa Fe, Arg.: e-libro, 2015. Disponible vía World Wide Web. El acceso puede estar limitado para las bibliotecas afiliadas a e-libro. 0aFormación profesional. 0aEducación vocacional. 0aEducación técnica. 0aVocational education. 0aTechnical education. 0aOccupational training. aFormacion aEducacion tecnica 4aArtículos electrónicos.1 aVargas, Fernando.2 ae-libro, Corp.02aBoletín técnico interamericano de formación profesional.40uhttps://elibro.net/ereader/politecnicointernacional/9069 c96582d96582